Schaums Outline Of Theory And Problems Of Engineering Economics (Record no. 70785)
[ view plain ]
| 000 -LEADER | |
|---|---|
| fixed length control field | 00479nam a22001697a 4500 |
| 003 - CONTROL NUMBER IDENTIFIER | |
| control field | NUST - PNEC |
| 005 - DATE AND TIME OF LATEST TRANSACTION | |
| control field | 20170116181147.0 |
| 008 - FIXED-LENGTH DATA ELEMENTS--GENERAL INFORMATION | |
| fixed length control field | 151013b xxu||||| |||| 00| 0 eng d |
| 020 ## - INTERNATIONAL STANDARD BOOK NUMBER | |
| International Standard Book Number | 0070589437 |
| 040 ## - CATALOGING SOURCE | |
| Transcribing agency | LIBRARY |
| 082 ## - DEWEY DECIMAL CLASSIFICATION NUMBER | |
| Classification number | 658.15 SEP |
| 100 ## - MAIN ENTRY--PERSONAL NAME | |
| 9 (RLIN) | 15142 |
| Personal name | Sepulveda A.Jose |
| 245 ## - TITLE STATEMENT | |
| Title | Schaums Outline Of Theory And Problems Of Engineering Economics |
| Statement of responsibility, etc. | A.Jose,Sepulveda |
| 260 ## - PUBLICATION, DISTRIBUTION, ETC. | |
| Date of publication, distribution, etc. | c 1984 |
| 650 ## - SUBJECT ADDED ENTRY--TOPICAL TERM | |
| 9 (RLIN) | 15143 |
| Topical term or geographic name entry element | Engineering Economics |
| General subdivision | EE/ MIS |
| 942 ## - ADDED ENTRY ELEMENTS (KOHA) | |
| Source of classification or shelving scheme | |
| Koha item type | Book |
| Withdrawn status | Lost status | Source of classification or shelving scheme | Damaged status | Not for loan | Permanent Location | Current Location | Shelving location | Date acquired | Total Checkouts | Full call number | Barcode | Date last seen | Price effective from | Koha item type |
|---|---|---|---|---|---|---|---|---|---|---|---|---|---|---|
| Pakistan Navy Engineering College (PNEC) | Pakistan Navy Engineering College (PNEC) | 10/13/2015 | 658.15 SEP | PNECLIB-027200 | 10/13/2015 | Book |
